000 00465nam a2200193Ia 4500
005 20240823031526.0
008 240823s9999||||xx |||||||||||||| ||und||
041 _aENGLISH
082 _A005.74 P9
100 _aMenaga D
245 0 _aDatabase Management Systems
250 _a1st
260 _c2009
_bSri Krishna Publi
_aChennai
500 _aYES
650 _aManagement
_bComputer Science
700 _a Venkatalakshmi S
942 _cBK
999 _c191278
_d191278